000
00316nam a2200121Ia 4500
008
180117s9999 xx 000 0 und d
100
_a
by Beth DAy Romulo
245
_a
Another Day
260
_c
2017
300
_a
24 pages, 2017 January 15
440
_a
Philippine Panorama
650
_a
BILL GATES' NEW ENERGY FUND
999
_c
353593
_d
353593